01094nam a2200265 a 450000100100000000500170001000800410002702000150006804000250008308200160010824501700012426000390029430000420033350000900037550000530046550000330051850000360055150000310058750000350061853000160065350400740066970000230074370000320076670000300079800002486720200930023422.0110207s2005 sp bd r 001 0 spa d a8495163934 aDO-SdBNPbspacBNPHU axxxxbS864c03aEl stock de capital en España y su distribución territorial (1964-2002) /cdirección Matilde Mas Ivars , Francisco Pérez García , Ezequiel Uriel Jiménez. aBilbao :bFundación BBVA,c2005. a251 p. :bmapas., diagrs. ;c23.4 cm. aIncluye referencias biográficas de los directores en la solapa de la contraportada. aIncluye referencia bibliográfica p. [235-238]. aIncluye índice de cuadros. aIncluye índice de gráficos. aIncluye índice de mapas. aIncluye índice alfabético. aCD.bCD-ROM aIncluye referencias bibliográficas y notas al pie de las páginas.1 aMas Ivars, Matilde1 aPérez García, Francisco1 aUriel Jiménez, Ezequiel